| 000 | 00445nam a2200169Ia 4500 | ||
|---|---|---|---|
| 003 | GCL | ||
| 008 | 140319s9999 xx 000 0 eng d | ||
| 040 |
_aGCL / _cGCL |
||
| 082 | 0 | 4 |
_a759 _bS P |
| 100 | 1 | _aSTORR, ROBERT | |
| 245 | 1 | 0 |
_aPHILP GUSTON / _cSTORR, ROBERT |
| 260 |
_a[S.N] : _bABBEVILLE PRESS PUBLISHERS ، _c1986 |
||
| 300 | _a128 P | ||
| 650 | 0 | 4 | _aGUSTON, PHILP 1913- 1980 |
| 650 | 0 | 4 | _aUNITED STATES - PAINTERS |
| 942 |
_2ddc _cBK |
||
| 999 |
_c10473 _d10473 |
||